The hand that feeds you/ (Record no. 96154)
[ view plain ]
| 000 -LEADER | |
|---|---|
| fixed length control field | 00455nam a22001697a 4500 |
| 005 - DATE AND TIME OF LATEST TRANSACTION | |
| control field | 20150818144335.0 |
| 010 ## - LCCN (DPL NO) | |
| LC control number | 1516EN07 |
| 020 ## - INTERNATIONAL STANDARD BOOK NUMBER | |
| International Standard Book Number | 9781471148569 |
| Terms of availability | 350.00 |
| 037 ## - SOURCE OF ACQUISITION | |
| Stock number | dpl |
| Source of stock number/acquisition | UBH/Ven |
| 100 ## - MAIN ENTRY--PERSONAL NAME | |
| Personal name | Rich, A.J. |
| 245 ## - TITLE STATEMENT | |
| Title | The hand that feeds you/ |
| Statement of responsibility, etc | by A.J.Rich |
| 260 ## - PUBLICATION, DISTRIBUTION, ETC. (IMPRINT) | |
| Place of publication, distribution, etc | London |
| Name of publisher, distributor, etc | Simon & Schuster |
| Date of publication, distribution, etc | 2015 |
| 270 ## - ADDRESS | |
| Address | 222 Gray's Inn Road |
| City | London |
| Postal code | WCIX 8HB |
| 300 ## - PHYSICAL DESCRIPTION | |
| Extent | 273p. |
| Dimensions | 19cm(pbk) |
| 942 ## - ADDED ENTRY ELEMENTS (KOHA) | |
| Source of classification or shelving scheme | Dewey Decimal Classification |
| Item type | English Books |
No items available.
